000 00851nam a2200253 i 4500
003 DO-SdBNP
005 20250218125615.0
007 ta
008 240718b1968 sp ||||| |||| 00| 0 spa d
040 _aDO-SdBNP
_bspa
_cBNPHU
_erda
082 4 _a330.03
_bD545
_222
100 1 _aSaramago, José,
_d1922-2010
_912950
245 1 0 _aDiccionario de economía :
_buna exposición alfabética de conceptos económicos y su aplicación /
_crecopilado por Arthur Seldon y F. G. Pennance
264 _aBarcelona :
_b Oikos-tau,
_c1968
300 _a553 páginas ;
_c23 cm.
336 _2rdacontent
_atexto
_btxt
337 _2rdamedia
_asin mediación
_bn
338 _2rdacarrier
_avolumen
_bnc
590 _aInventariado, 2024/DG
650 4 _aEconomía
_xDiccionarios
_986109
700 1 _aPennance, F.G.
_ecompilador
_912953
910 _aDG
942 _2ddc
_cLBS1
999 _c57310
_d57310